| 000 | 00701pam a2200241 i 4500 | ||
|---|---|---|---|
| 001 | 1353845 | ||
| 005 | 20180208043422.0 | ||
| 008 | 800130s1980 mdu b 001 0 eng | ||
| 010 | _a 80010714 | ||
| 020 | _z0839115806 | ||
| 020 | _a0839115148 | ||
| 040 |
_aDLC _cDLC _dDLC |
||
| 041 | _aeng | ||
| 060 | _aWM300 M548 | ||
| 080 | _a616.85 | ||
| 082 | 0 | 0 | _a616.85 SZY |
| 100 | _a7 | ||
| 101 | _aNEU | ||
| 245 | 0 | 0 |
_aEmotional disorders of mentally retarded persons : _cedited by Ludwik S. Szymanski and Peter E. Tanguay. |
| 504 | _aIncludes bibliographies and index. | ||
| 906 |
_a7 _bcbc _corignew _d1 _eocip _f19 _gy-gencatlg |
||
| 942 |
_2ddc _cBK |
||
| 999 |
_c42104 _d42104 |
||